000 00898cam a22002654a 4500
003 UPN
005 20240803063758.0
008 090217s2004 es a r 000 f spa d
020 _a8466745815
035 _aUPN01000169381
040 _aUPN
_bspa
_cUPN
049 _aCG
050 4 _aPQ6657 A73
_bA94
100 1 _aGarcía Domínguez, Ramón,
_d1943-
_931764
245 1 0 _aAventuras y desventuras de Alonsico Quijano y de su amigo invisible Brandabarbarán de Boliche /
_cRamón García Domínguez ; ilustraciones Federico Delicado.
250 _aPrimera edición
260 _aMadrid :
_bAnaya,
_c2004.
300 _a150 páginas :
_bilustraciones a color
650 4 _aNovela española
_910814
650 4 _aValores
_vLiteratura juvenil
_96771
700 1 _aDelicado, Federico,
_d1956-
_eilustrador
_945718
905 _aLibro
942 _2lcc
_cLIBRO
999 _c141487
_d141487